000
00260nam a2200109Ia 4500
008
210107s9999 xx 000 0 und d
100
_a
Rastogi, J L
245
0
_a
Organizational Behaviour
260
_a
Jaipur
_b
Rawat Publications
300
_a
244
942
_c
BK
999
_c
11602
_d
11602